Przyimki miejsca - język hiszpański - Statystyki

Ogólne statystyki
  • Ten quiz został rozwiązany 531 razy
    529 od ostatniego zresetowania
  • Średni wynik to 14 z 21
Statystyki odpowiedzi
Po Hiszpańsku Po Polsku % Poprawnych
encima de na
93%
detrás de za
84%
debajo de pod
79%
lejos de daleko
78%
cerca de blisko
77%
delante de przed
76%
dentro de/en w
76%
a la izquierda po lewej
74%
a la derecha po prawej
73%
debajo de pod
68%
entre pomiędzy
67%
entre pomiędzy
62%
a la izquierda po lewej
61%
a la derecha po prawej
61%
encima de na
58%
detrás de za
57%
cerca de blisko
56%
dentro de/en w
56%
lejos de daleko
52%
111111111111 1
50%
delante de przed
49%
Nie znaleziono quizów pasujących do podanych kryteriów
Rozkład punktacji
Procent ludzi z każdym wynikiem
Percentyl według liczby udzielonych odpowiedzi
Twoja historia wyników
Nie rozwiązałeś tego quizu od ostatniego zresetowania